Southville International School and Colleges
Your cart is empty.
  • Cart
  • Lists
    Public lists Eva Luna New books Lux_list list_1
    Your lists Log in to create your own lists
  • Log in to your account
  • Your cookies
  • Search history
Southville International School and Colleges
  • Advanced search
  • Recent comments
  • Most popular
  • Libraries

Log in to your account

Log in with GOOGLE


If you do not have an external account, but do have a local account, you can still log in:

  1. Home
  2. MARC view: Do you think what you think you think? :
Normal view MARC view ISBD view

Do you think what you think you think? : (Record no. 1984)

[ view plain ]
MARC details
000 -LEADER
fixed length control field 01095cam a22003375a 4500
001 - CONTROL NUMBER
control field 15048137
003 - CONTROL NUMBER IDENTIFIER
control field OSt
005 - DATE AND TIME OF LATEST TRANSACTION
control field 20140310181721.0
008 - FIXED-LENGTH DATA ELEMENTS--GENERAL INFORMATION
fixed length control field 071017s2006 enka 000 0 eng d
010 ## - LIBRARY OF CONGRESS CONTROL NUMBER
LC control number 2007534077
015 ## - NATIONAL BIBLIOGRAPHY NUMBER
National bibliography number GBA675319
Source bnb
016 7# - NATIONAL BIBLIOGRAPHIC AGENCY CONTROL NUMBER
Record control number 013542446
Source Uk
020 ## - INTERNATIONAL STANDARD BOOK NUMBER
International Standard Book Number 9781862079168 (pbk.)
020 ## - INTERNATIONAL STANDARD BOOK NUMBER
International Standard Book Number 1862079161 (pbk.)
035 ## - SYSTEM CONTROL NUMBER
System control number (OCoLC)ocm71239490
040 ## - CATALOGING SOURCE
Original cataloging agency UKM
Transcribing agency UKM
Modifying agency VP@
-- YDXCP
-- HKP
-- DLC
042 ## - AUTHENTICATION CODE
Authentication code ukscp
-- lccopycat
050 00 - LIBRARY OF CONGRESS CALL NUMBER
Classification number BD 31
Item number .B144 2006
082 04 - DEWEY DECIMAL CLASSIFICATION NUMBER
Classification number IB 153.4
Item number B14 2006
100 1# - MAIN ENTRY--PERSONAL NAME
Personal name Baggini, Julian.
245 10 - TITLE STATEMENT
Title Do you think what you think you think? :
Remainder of title the ultimate philosophical quiz book /
Statement of responsibility, etc Julian Baggini.
260 ## - PUBLICATION, DISTRIBUTION, ETC. (IMPRINT)
Place of publication, distribution, etc London :
Name of publisher, distributor, etc Granta Books,
Date of publication, distribution, etc 2006.
300 ## - PHYSICAL DESCRIPTION
Extent vii, 187 p. :
Other physical details ill. ;
Dimensions 20 cm.
650 #0 - SUBJECT ADDED ENTRY--TOPICAL TERM
Topical term or geographic name as entry element Philosophy
Form subdivision Miscellanea.
650 #0 - SUBJECT ADDED ENTRY--TOPICAL TERM
Topical term or geographic name as entry element Thought and thinking
Form subdivision Miscellanea.
700 1# - ADDED ENTRY--PERSONAL NAME
Personal name Stangroom, Jeremy.
906 ## - LOCAL DATA ELEMENT F, LDF (RLIN)
a 0
b ibc
c copycat
d 3
e ncip
f 20
g y-gencatlg
942 ## - ADDED ENTRY ELEMENTS (KOHA)
Source of classification or shelving scheme Library of Congress Classification
Koha item type Books
Holdings
Withdrawn status Lost status Source of classification or shelving scheme Damaged status Home library Current library Shelving location Date acquired Total Checkouts Full call number Barcode Date last seen Date checked out Copy number Price effective from Koha item type
    Library of Congress Classification   Luxembourg Library Luxembourg Library International Baccalaureate Section 03/06/2013 2 BD 31 .B144 2006 14613 09/04/2024 07/30/2024 1 03/06/2013 Books

Do you think what you think you think? :

APA

Baggini J., Stangroom J., . (2006). Do you think what you think you think?. London: Granta Books.

Chicago

Baggini Julian, Stangroom Jeremy, . 2006. Do you think what you think you think?. London: Granta Books.

Harvard

Baggini J., Stangroom J., . (2006). Do you think what you think you think?. London: Granta Books.

MLA

Baggini Julian, Stangroom Jeremy, . Do you think what you think you think?. London: Granta Books. 2006.

  • Place hold
  • Print
  • Cite
  • Add to your cart (remove)
  • Save record
    BIBTEX Dublin Core MARCXML MARC (non-Unicode/MARC-8) MARC (Unicode/UTF-8) MARC (Unicode/UTF-8, Standard) MODS (XML) RIS
  • More searches
    Search for this title in:
    Other Libraries (WorldCat) Other Databases (Google Scholar) Online Stores (Bookfinder.com) Open Library (openlibrary.org)

Exporting to Dublin Core...

SOUTHVILLE LIBRARY

Southville International School and Colleges Library

1281 Tropical Ave. Cor. Luxembourg St., BF Homes International, Las Pinas City

Tel. No. 8256374 / 252358 Loc. 117/146

Powered by Koha